000 00814nam a2200229 u 4500
005 20240625063637.0
008 090622s2007 r 000 0 eng d
020 _a9788471125231
035 _aUPN01000171292
049 _aCG
050 4 _aP115.2
_bA2.2
100 1 _aAbdelilah-Bauer, Bárbara
245 1 3 _aEl desafío del bilingüismo :
_bcrecer y vivir hablando varios idiomas /
_cBárbara Abdelilah-Bauer ; tr. Pablo Manzano Bernárdez.
260 _aMadrid :
_bMinisterio de Educación y Ciencia :
_bMorata,
_cc2007.
300 _a130 p.
440 0 _aPedagogía.
_pEducación infantil y primaria
534 _pTítulo original:
_tLe défi des enfants bilingues
650 4 _aBILINGUISMO EN NIÑOS
_93950
650 4 _aBilingüismo
_93945
650 4 _aAdquisición del lenguaje
_9220
905 _aLibro
999 _c143397
_d143397